[Event "Mittelfranken-chTB2a 1920"]
[Site "Mittelfranken"]
[Date "2020.02.16"]
[Round "6.4"]
[White "Kalkowski, Andreas"]
[Black "Braun, Kristin"]
[Result "0-1"]
[WhiteElo "1641"]
[BlackElo "1917"]
[PlyCount "106"]
[EventDate "2019.10.13"]
[EventType "team-tourn"]
[EventRounds "9"]
[EventCountry "GER"]
[SourceTitle "EXT 2023"]
[Source "ChessBase"]
[SourceDate "2022.10.05"]
[SourceVersion "1"]
[SourceVersionDate "2022.10.05"]
[SourceQuality "1"]
[WhiteTeam "Dombuehl"]
[BlackTeam "Nuernberg Jaeklechemie"]
[WhiteTeamCountry "GER"]
[BlackTeamCountry "GER"]

1. d4 Nf6 2. c4 g6 3. Nf3 Bg7 4. Nc3 d6 5. Bg5 h6 6. Bh4 0-0 7. e3 c5 8. dxc5 dxc5 9. Qxd8 Rxd8 10. Be2 Nc6 11. 0-0 g5 12. Bg3 Be6 13. Rfd1 Rd7 14. Ne5 Nxe5 15. Bxe5 Rad8 16. Rxd7 Rxd7 17. Rd1 Rxd1+ 18. Nxd1 Nd7 19. Bxg7 Kxg7 20. f4 b5 21. b3 bxc4 22. Bxc4 Bxc4 23. bxc4 Kf6 24. Kf2 Kf5 25. Kf3 g4+ 26. Ke2 Nb6 27. Nb2 a5 28. Kd3 g3 29. h3 e5 30. Ke2 exf4 31. exf4 Kxf4 32. Nd3+ Kg5 33. Kf3 Kh4 34. Nxc5 Nxc4 35. Ne4 Ne5+ 36. Ke2 f5 37. Nd2 f4 38. Nf3+ Nxf3 39. Kxf3 Kg5 40. Ke4 a4 41. a3 h5 42. Kf3 Kf5 43. Ke2 Ke4 44. h4 f3+ 45. gxf3+ Kf4 46. Ke1 Kxf3 47. Kf1 Kg4 48. Kg2 Kxh4 49. Kg1 Kg4 50. Kg2 h4 51. Kg1 h3 52. Kf1 Kf3 53. Kg1 g2 0-1

[Event "Mittelfranken-chTB2a 1920"]
[Site "Mittelfranken"]
[Date "2020.01.12"]
[Round "4.3"]
[White "Kalkowski, Andreas"]
[Black "Handl, Johannes"]
[Result "0-1"]
[WhiteElo "1641"]
[BlackElo "1913"]
[PlyCount "100"]
[EventDate "2019.10.13"]
[EventType "team-tourn"]
[EventRounds "9"]
[EventCountry "GER"]
[SourceTitle "EXT 2023"]
[Source "ChessBase"]
[SourceDate "2022.10.05"]
[SourceVersion "1"]
[SourceVersionDate "2022.10.05"]
[SourceQuality "1"]
[WhiteTeam "Dombuehl"]
[BlackTeam "Bubenreuth"]
[WhiteTeamCountry "GER"]
[BlackTeamCountry "GER"]

1. d4 d5 2. c4 e6 3. Nf3 Nf6 4. Bg5 Nbd7 5. e3 c6 6. Nbd2 Bd6 7. Rc1 0-0 8. a3 e5 9. cxd5 cxd5 10. dxe5 Nxe5 11. Be2 h6 12. Bf4 Nxf3+ 13. Nxf3 Bxf4 14. exf4 Qa5+ 15. Qd2 Qxd2+ 16. Nxd2 Re8 17. f3 Bd7 18. Kf2 Re6 19. Nb3 Rb6 20. Rc3 d4 21. Nxd4 Rxb2 22. Rc2 Rxc2 23. Nxc2 Rc8 24. Nd4 Rc3 25. Rb1 b6 26. Rb3 Rxb3 27. Nxb3 Kf8 28. Nd4 Nd5 29. g3 Ke7 30. Bd3 Kd6 31. Ke2 h5 32. Kd2 h4 33. Nf5+ Bxf5 34. Bxf5 hxg3 35. hxg3 Kc5 36. Kd3 b5 37. Be4 a5 38. f5 f6 39. f4 Nb6 40. Kc3 Nc4 41. Bd3 Nxa3 42. Kb3 Nc4 43. g4 a4+ 44. Ka2 b4 45. g5 Kd4 46. gxf6 gxf6 47. Bb1 Kc3 48. Be4 b3+ 49. Kb1 Nd2+ 50. Ka1 Nxe4 0-1

[Event "Pinneberg-ch 37th"]
[Site "Pinneberg"]
[Date "2019.08.22"]
[Round "3"]
[White "Partus, Emma"]
[Black "Kalkowski, Andreas"]
[Result "1/2-1/2"]
[WhiteElo "1401"]
[BlackElo "1700"]
[PlyCount "120"]
[EventDate "2019.08.08"]
[EventType "swiss"]
[EventRounds "7"]
[EventCountry "GER"]
[SourceTitle "CBM 192 Extra"]
[Source "Chessbase"]
[SourceDate "2019.11.06"]
[SourceVersion "1"]
[SourceVersionDate "2019.11.06"]
[SourceQuality "1"]

1. e4 e6 2. d4 d5 3. e5 c5 4. Nf3 Nc6 5. c3 Qb6 6. Qb3 Bd7 7. Qxb6 axb6 8. Be3 f6 9. a3 fxe5 10. Nxe5 Nxe5 11. dxe5 Ne7 12. f4 Nf5 13. Bf2 Be7 14. Be2 0-0 15. 0-0 b5 16. Nd2 Bc6 17. g3 b6 18. Nf3 g6 19. Rad1 Kg7 20. h4 c4 21. Bxb6 Nxg3 22. Nd4 Nxe2+ 23. Nxe2 Bxh4 24. Bc5 Rf7 25. Be3 Bd7 26. Nd4 Be7 27. Rf3 Rc8 28. Rdf1 Bc5 29. Rg3 Bxd4 30. Bxd4 Rf5 31. Be3 Rcf8 32. Rf2 Bc6 33. Rg5 h6 34. Rxf5 gxf5 35. Rg2+ Kh7 36. Bd4 Be8 37. Bf2 Rg8 38. Bh4 Rxg2+ 39. Kxg2 Bh5 40. Bf6 Kg6 41. Kg3 Be2 42. Kh4 Kf7 43. Bd8 Ke8 44. Bf6 Kd7 45. Bg7 h5 46. Bf8 Kc6 47. Bb4 d4 48. cxd4 Kd5 49. Be1 Kxd4 50. Kg5 Ke4 51. Bh4 Bf3 52. Bg3 Kd3 53. Be1 Kc2 54. Bc3 Kb3 55. Kh4 Kc2 56. Kg5 Kd3 57. Be1 Ke2 58. Bc3 Ke3 59. Be1 Ke2 60. Bc3 Kf2 1/2-1/2

[Event "Pinneberg-ch 37th"]
[Site "Pinneberg"]
[Date "2019.08.08"]
[Round "1"]
[White "Fluegge, Jan"]
[Black "Kalkowski, Andreas"]
[Result "0-1"]
[WhiteElo "912"]
[BlackElo "1700"]
[PlyCount "74"]
[EventDate "2019.08.08"]
[EventType "swiss"]
[EventRounds "7"]
[EventCountry "GER"]
[SourceTitle "CBM 192 Extra"]
[Source "Chessbase"]
[SourceDate "2019.11.06"]
[SourceVersion "1"]
[SourceVersionDate "2019.11.06"]
[SourceQuality "1"]

1. e4 e6 2. d4 d5 3. Nc3 Nf6 4. e5 Nfd7 5. Bd3 c5 6. Nf3 Nc6 7. 0-0 Qb6 8. Be3 cxd4 9. Na4 Qc7 10. Bf4 Nc5 11. b3 Nxa4 12. bxa4 a6 13. Rc1 Ba3 14. Rb1 Bd7 15. Ng5 g6 16. g3 Ne7 17. Qf3 Bc5 18. Bd2 0-0-0 19. Nxf7 Rdf8 20. Bg5 Be8 21. Rb6 Rxf7 22. Qg4 Qxb6 23. f4 Nf5 24. Qf3 h5 25. h3 Bc6 26. g4 hxg4 27. Qxg4 Bxa4 28. Kg2 Ne3+ 29. Kg3 Nxg4 30. Kxg4 Rg8 31. h4 Be7 32. Rh1 Bxg5 33. Kxg5 Qd8+ 34. Kg4 Qf8 35. Rf1 Qh6 36. Kg3 Rh8 37. Kg2 Rxf4 0-1

[Event "Mittelfranken-chTB2a 1617"]
[Site "Mittelfranken"]
[Date "2016.11.27"]
[Round "3.5"]
[White "Kalkowski, Andreas"]
[Black "Stoll, Tobias"]
[Result "1/2-1/2"]
[WhiteElo "1523"]
[BlackElo "1615"]
[PlyCount "62"]
[EventDate "2016.10.23"]
[EventType "team-tourn"]
[EventRounds "9"]
[EventCountry "GER"]
[SourceTitle "EXT 2022"]
[Source "ChessBase"]
[SourceDate "2021.10.06"]
[SourceVersion "1"]
[SourceVersionDate "2021.10.06"]
[SourceQuality "1"]
[WhiteTeam "Dombuehl"]
[BlackTeam "Zirndorf II"]
[WhiteTeamCountry "GER"]
[BlackTeamCountry "GER"]

1. d4 d5 2. c4 e6 3. Nc3 Nf6 4. Bg5 Be7 5. e3 0-0 6. Nf3 b6 7. Bd3 h6 8. Bh4 Bb7 9. 0-0 c5 10. cxd5 Nxd5 11. Bxe7 Qxe7 12. Nxd5 exd5 13. b3 Nd7 14. Rc1 Rac8 15. Rc3 Nf6 16. Nd2 Ne4 17. Nxe4 dxe4 18. Be2 Rfd8 19. f3 exf3 20. Bxf3 cxd4 21. Rd3 Bxf3 22. Qxf3 dxe3 23. Rxe3 Qd7 24. Kh1 Rc2 25. a3 Rc7 26. Qe2 Qd2 27. Re8+ Kh7 28. Qe4+ g6 29. Qe5 Rxe8 30. Qxc7 Re1 31. Qxf7+ Kh8 1/2-1/2

[Event "Pinneberg-ch"]
[Site "Pinneberg"]
[Date "2011.09.15"]
[Round "5"]
[White "Kalkowski, Andreas"]
[Black "Sachse, Theo"]
[Result "1-0"]
[WhiteElo "1671"]
[BlackElo "1172"]
[PlyCount "23"]
[EventDate "2011.08.18"]
[EventType "swiss"]
[EventRounds "7"]
[EventCountry "GER"]
[SourceTitle "CBM 144 Extra"]
[Source "ChessBase"]
[SourceDate "2011.10.28"]
[SourceVersion "1"]
[SourceVersionDate "2011.10.28"]
[SourceQuality "1"]

1. d4 d5 2. Nf3 Nf6 3. c4 Bg4 4. Ne5 dxc4 5. f3 Bf5 6. e4 Be6 7. d5 Bd7 8. Bxc4 h6 9. 0-0 a6 10. Nc3 c6 11. dxc6 Nxc6 12. Bxf7# 1-0

[Event "Pinneberg-ch"]
[Site "Pinneberg"]
[Date "2011.09.08"]
[Round "4"]
[White "Schroeder, Raymond"]
[Black "Kalkowski, Andreas"]
[Result "1-0"]
[WhiteElo "2001"]
[BlackElo "1671"]
[PlyCount "69"]
[EventDate "2011.08.18"]
[EventType "swiss"]
[EventRounds "7"]
[EventCountry "GER"]
[SourceTitle "CBM 144 Extra"]
[Source "ChessBase"]
[SourceDate "2011.10.28"]
[SourceVersion "1"]
[SourceVersionDate "2011.10.28"]
[SourceQuality "1"]

1. d4 d5 2. c4 c6 3. Nf3 Nf6 4. Nc3 a6 5. e3 Bg4 6. h3 Bh5 7. g4 Bg6 8. Ne5 Nbd7 9. Nxg6 hxg6 10. cxd5 cxd5 11. g5 Ne4 12. Nxe4 dxe4 13. Qg4 Qa5+ 14. Bd2 Qf5 15. Bg2 Rh5 16. Bxe4 Qb5 17. a4 Qb6 18. Rc1 e6 19. Qg2 Bb4 20. f4 Rb8 21. Rc4 Bd6 22. b4 Qa7 23. Ke2 Nb6 24. Rc2 Nxa4 25. Rhc1 Nb6 26. Bf3 Rh8 27. d5 Kd7 28. dxe6+ fxe6 29. Bg4 Rbe8 30. Qe4 Re7 31. Qxg6 Rf8 32. Qd3 Qb8 33. Qd4 Qd8 34. b5 a5 35. Bxa5 1-0

[Event "Pinneberg-ch"]
[Site "Pinneberg"]
[Date "2009.10.01"]
[Round "6"]
[White "Kalkowski, Andreas"]
[Black "Hotze, Kurt"]
[Result "0-1"]
[WhiteElo "1787"]
[BlackElo "1606"]
[PlyCount "100"]
[EventDate "2009.08.27"]
[EventType "swiss"]
[EventRounds "7"]
[EventCountry "GER"]
[SourceTitle "EXT 2012"]
[Source "ChessBase"]
[SourceDate "2011.11.24"]
[SourceVersion "1"]
[SourceVersionDate "2011.11.24"]
[SourceQuality "1"]

1. d4 Nf6 2. Nf3 e6 3. c4 d5 4. Nc3 Nc6 5. Bg5 h6 6. Bh4 g5 7. Bg3 Nh5 8. e3 Nxg3 9. hxg3 a6 10. Rc1 Bb4 11. a3 Bxc3+ 12. Rxc3 Bd7 13. Qc2 Qf6 14. Bd3 Qg7 15. cxd5 exd5 16. b4 Bg4 17. Rxc6 Bxf3 18. gxf3 bxc6 19. Qxc6+ Ke7 20. Qxc7+ Kf8 21. Qd6+ Kg8 22. Qxd5 Rc8 23. Kd2 Qf6 24. f4 Kg7 25. Qe5 Qxe5 26. fxe5 Rc6 27. d5 Rb6 28. Rc1 Rhb8 29. d6 Kf8 30. Rc7 f6 31. d7 Rd8 32. exf6 Rxf6 33. Ke2 Ke7 34. Ra7 Rxd7 35. Rxa6 Rxa6 36. Bxa6 Ra7 37. b5 Kd6 38. Kd3 Kc5 39. e4 h5 40. a4 h4 41. gxh4 gxh4 42. Ke3 h3 43. b6 Kxb6 44. Bf1 h2 45. Bg2 Rxa4 46. Kf4 Ra1 47. e5 Kc7 48. Kf5 Ra2 49. Bd5 Rxf2+ 50. Ke6 Kd8 0-1

[Event "Pinneberg-ch"]
[Site "Pinneberg"]
[Date "2009.09.10"]
[Round "3"]
[White "Kalkowski, Andreas"]
[Black "Kuhr, Stefan"]
[Result "1-0"]
[WhiteElo "1787"]
[BlackElo "1560"]
[PlyCount "55"]
[EventDate "2009.08.27"]
[EventType "swiss"]
[EventRounds "7"]
[EventCountry "GER"]
[SourceTitle "EXT 2012"]
[Source "ChessBase"]
[SourceDate "2011.11.24"]
[SourceVersion "1"]
[SourceVersionDate "2011.11.24"]
[SourceQuality "1"]

1. d4 f5 2. Nc3 Nf6 3. Bg5 e6 4. e4 fxe4 5. Nxe4 Be7 6. Bxf6 Bxf6 7. Nf3 0-0 8. Bd3 Nc6 9. c3 b6 10. h4 Qe8 11. Qe2 Bb7 12. 0-0-0 Ne7 13. Neg5 g6 14. h5 Bxf3 15. Nxf3 gxh5 16. Rh3 Ng6 17. Rg3 Kh8 18. Bxg6 hxg6 19. Rh1 Rg8 20. Rgh3 Kg7 21. Qe4 Kf7 22. g4 d5 23. Qf4 hxg4 24. Rh7+ Rg7 25. Ne5+ Ke7 26. Nxg4 Qf8 27. Qxc7+ Ke8 28. Nxf6+ 1-0